Sports Quiz

Random Sports or State Quiz

Non state FBS schools Quiz Stats

 Plays Quiz not verified by Sporcle

Challenge
Share
Tweet
Embed
Score 0/42 Timer 06:00
0 Plays Today
State School % Correct
AlabamaAuburn
93.1%
FloridaMiami
90.7%
OhioMiami
90.7%
IdahoBoise State
88.3%
CaliforniaStanford
87.9%
North CarolinaDuke
86.9%
New JerseyRutgers
85.5%
South CarolinaClemson
85.5%
UtahBrigham Young
81.7%
IndianaPurdue
81%
KentuckyLouisville
81%
North CarolinaWake Forest
80.3%
IllinoisNorthwestern
79.3%
IndianaNotre Dame
79.3%
New YorkSyracuse
79.3%
MassachusettsBoston College
79%
PennsylvaniaPittsburgh
77.9%
TennesseeVanderbilt
77.6%
Louisiana Tulane
75.9%
ColoradoAir Force
74.1%
West VirginiaMarshall
73.8%
State School % Correct
MarylandNavy
73.4%
OklahomaTulsa
71.7%
New YorkArmy
71.4%
TexasBaylor
71%
OhioCincinnati
70%
New YorkBuffalo
69.3%
TennesseeMemphis
66.9%
CaliforniaSan Diego State
64.8%
OhioToledo
64.5%
TexasHouston
64.5%
OhioAkron
64.1%
CaliforniaFresno State
62.1%
PennsylvaniaTemple
62.1%
TexasRice
61%
OhioBowling Green
58.3%
CaliforniaSan Jose State
56.6%
Texas Southern Methodist
55.9%
AlabamaTroy
55.2%
IndianaBall State
54.5%
North CarolinaEast Carolina
45.9%
OhioKent State
43.4%

You're not logged in!

Compare scores with friends on all Sporcle quizzes.
OR
Log In

You Might Also Like...

Show Comments

Extras

Created Dec 20, 2009SourceReportNominate
Tags:State Quiz, FBS, school

Top Quizzes Today


Score Distribution

Your Account Isn't Verified!

In order to create a playlist on Sporcle, you need to verify the email address you used during registration. Go to your Sporcle Settings to finish the process.

Report this User

Report this user for behavior that violates our Community Guidelines.

Details: